LEADER 01963nam a2200409 a 4500 001 000000121187 003 CaOOAMICUS 005 20110922094832.0 008 100413t2010 it 000 u ita r 020 $a978-88-452-6421-4 040 $aPUL$bita 041 1 $aita$hgrc$agrc 082 04$a190 100 0 $aPindarus,$d518-438 a.C.$0(OLS)http://pul/name/14427 245 10$aTutte le opere :$bolimpiche-pitiche-nemee-istmiche-frammenti /$cPindaro ; introduzione, traduzione, note e apparati di Enzo Mandruzzato. 260 $aMilano :$bBompiani,$cİ2010. 300 $a703 p. ;$c22 cm 490 1 $aBompiani Il pensiero occidentale 504 $aInclude riferimenti bibliografici ed indice. 546 $aTraduzione italiana con testo greco a fronte. 700 1 $aMandruzzato, Enzo,$d1934-$0(OLS)http://pul/name/721 700 0 $aPindarus,$d518-438 a.C.$tOpere.$0(OLS)http://pul/nameTitle/1226$0(OLS)http://pul/name/14427$0(OLS)http://pul/title/5258 830 0$aBompiani Il pensiero occidentale.$0(OLS)http://pul/title/99836 850 $aPUL 852 $aPUL$W1$xSL Filosofia 3$y81$m190 COLL 2.111$j138952$qDDC 21$B138191$CPULBib$Z2$F138191 $H113220 $82 852 $aPUL$W1$xSL Filosofia 3$y81$m190 COLL 2.139$j145836$a2. copia$qDDC 21$B144633$CPULBib$Z2$F144633 $H118040 $82 900 $aPindaro,$d518-438 a.C.$914427 900 $aPindarus Thebanus Lyricus,$d518-438 a.C.$914427 900 $aPindaro,$d518-438 a.C.$914427 900 $aPindarus Thebanus Lyricus,$d518-438 a.C.$914427 941 1 $a9 983 3$aIl pensiero occidentale (Bompiani) 996 $6020$a978-88-452-6421-4$9(OLS)http://pul/number/143842 996 $6082$a190$9(OLS)http://pul/classification/123 996 $6245$aTutte le opere :$bolimpiche-pitiche-nemee-istmiche-frammenti$9(OLS)http://pul/title/152415 996 $6260$aMilano :$bBompiani$9(OLS)http://pul/publisher/48240 LEADER 01280naa a2200313 a 4500 001 000000125019 003 CaOOAMICUS 005 20110504113037.0 008 110413s2010 it u000 u ita r 020 $a978-88-6261-148-0 040 $aPUL$bita 082 04$a174.9 245 00$aPer una bioetica della cura /$cMario Savi [et al.]. 260 $aFidenza (PR) :$bMattioli 1885,$cİ2010. 300 $a97 p. ;$c17 cm. 490 1 $aQuaderni del Centro di Bioetica "Luigi Migone" ;$v04 504 $aBibliografia p. 71. 650 4$aBioetica.$0(OLS)http://pul/subject/2868 700 1 $aSavi, Mario.$0(OLS)http://pul/name/79010 700 1 $aCattorini, Paolo,$d1956-$0(OLS)http://pul/name/38077 830 0$aQuaderni del Centro di Bioetica "Luigi Migone" ;$v04.$0(OLS)http://pul/title/157604 850 $aPUL 852 $aPUL$W1$xSL Filosofia 3$y81$m174. 9 SAVMA 1$j143914$qDDC 21$B142968$CPULBib$Z2$F142968 $H115323 $82 941 1 $a9 996 $6020$a978-88-6261-148-0$9(OLS)http://pul/number/146903 996 $6082$a174.9$9(OLS)http://pul/classification/495 996 $6245$aPer una bioetica della cura$9(OLS)http://pul/title/157603 996 $6260$aFidenza (PR) :$bMattioli 1885$9(OLS)http://pul/publisher/80035